Fußball WM Gastgeberland? #1 - Statistiken

Allgemein
  • Dieses Quiz wurde 344 mal gespielt
  • Das Durchschnittsergebnis liegt bei 7 aus 8
Antwortstatistiken
Hint Antwort % Korrekt
Russland Ja
95%
Ägypten Nein
94%
Mexiko Ja
91%
Neuseeland Nein
91%
China Nein
89%
Dänemark Nein
82%
Niederlande Nein
66%
Schweden Ja
65%
Keine übereinstimmenden Quizze gefunden
Verteilung der Resultate
Anzahl Personen mit jedem Resultat
Perzentil nach korrekt beantworteten Fragen
Ihre Resultats-Entwicklung
Sie haben dieses Quiz noch nicht gespielt